000 00340nam a22001337a 4500
999 _c13170
_d13170
020 _a9781543057386
082 _a004.36
100 _aMaarten Van Steen , Andrew S. Tanenbaum
245 _aDistributed Systems
_cMaarten Van Steen , Andrew S. Tanenbaum
250 _a3rd
260 _aIndia
_bPearson
_c2017
300 _a582
942 _cC.S